| 000 | 00364nam a2200133 a 4500 | ||
|---|---|---|---|
| 005 | 20140412111419.0 | ||
| 008 | 070906s19uu xx 00 eng d | ||
| 020 | _a971-508-118-5 | ||
| 050 |
_aBB _bMa341 2002 |
||
| 100 | _aNaguit, Jennifer | ||
| 245 |
_aMario's special day / _cJennifer Naguit. |
||
| 260 |
_aPhilippines : _bAdarna house, _c2002. |
||
| 999 |
_c105971 _d105971 |
||